Southville International School and Colleges
Your cart is empty.
  • Cart
  • Lists
    Public lists Eva Luna New books Lux_list list_1
    Your lists Log in to create your own lists
  • Log in to your account
  • Your cookies
  • Search history
Southville International School and Colleges
  • Advanced search
  • Recent comments
  • Most popular
  • Libraries

Log in to your account

Log in with GOOGLE


If you do not have an external account, but do have a local account, you can still log in:

  1. Home
  2. MARC view: Esio Trot /
Normal view MARC view ISBD view

Esio Trot / (Record no. 1139)

[ view plain ]
MARC details
000 -LEADER
fixed length control field 00597nam a22002177a 4500
003 - CONTROL NUMBER IDENTIFIER
control field OSt
005 - DATE AND TIME OF LATEST TRANSACTION
control field 20140310181658.0
008 - FIXED-LENGTH DATA ELEMENTS--GENERAL INFORMATION
fixed length control field 130725t xxu||||| |||| 00| 0 eng d
020 ## - INTERNATIONAL STANDARD BOOK NUMBER
International Standard Book Number 0439177065
050 00 - LIBRARY OF CONGRESS CALL NUMBER
Classification number PZ 7
Item number .D131 2000
082 00 - DEWEY DECIMAL CLASSIFICATION NUMBER
Classification number KF D13e
Item number 2000
100 1# - MAIN ENTRY--PERSONAL NAME
Personal name Dahl, Roald.
9 (RLIN) 3827
245 10 - TITLE STATEMENT
Title Esio Trot /
Statement of responsibility, etc Roald Dahl; illustrations by Quentin Blake.
260 ## - PUBLICATION, DISTRIBUTION, ETC. (IMPRINT)
Place of publication, distribution, etc New York :
Name of publisher, distributor, etc Scholastic Inc,
Date of publication, distribution, etc 2000.
300 ## - PHYSICAL DESCRIPTION
Extent 62 p. :
Other physical details ill. ;
Dimensions 20 cm.
541 ## - IMMEDIATE SOURCE OF ACQUISITION NOTE
-- 1
562 ## - COPY AND VERSION IDENTIFICATION NOTE
Number of copies 1
650 ## - SUBJECT ADDED ENTRY--TOPICAL TERM
Topical term or geographic name as entry element Schools
General subdivision Fiction
9 (RLIN) 3960
650 ## - SUBJECT ADDED ENTRY--TOPICAL TERM
Topical term or geographic name as entry element Humorous stories.
9 (RLIN) 3831
942 ## - ADDED ENTRY ELEMENTS (KOHA)
Source of classification or shelving scheme Library of Congress Classification
Koha item type
Call number prefix
Holdings
Withdrawn status Lost status Source of classification or shelving scheme Damaged status Home library Current library Shelving location Date acquired Total Checkouts Full call number Barcode Date last seen Copy number Price effective from Koha item type
    Library of Congress Classification   Luxembourg Library Luxembourg Library Kids Fiction Section 07/25/2013   PZ 7 .D131 2000 14101 08/13/2013 1 10/03/2013 Books

Esio Trot /

APA

Dahl R., . (2000). Esio Trot. New York: Scholastic Inc.

Chicago

Dahl Roald, . 2000. Esio Trot. New York: Scholastic Inc.

Harvard

Dahl R., . (2000). Esio Trot. New York: Scholastic Inc.

MLA

Dahl Roald, . Esio Trot. New York: Scholastic Inc. 2000.

  • Place hold
  • Print
  • Cite
  • Add to your cart (remove)
  • Save record
    BIBTEX Dublin Core MARCXML MARC (non-Unicode/MARC-8) MARC (Unicode/UTF-8) MARC (Unicode/UTF-8, Standard) MODS (XML) RIS
  • More searches
    Search for this title in:
    Other Libraries (WorldCat) Other Databases (Google Scholar) Online Stores (Bookfinder.com) Open Library (openlibrary.org)

Exporting to Dublin Core...

SOUTHVILLE LIBRARY

Southville International School and Colleges Library

1281 Tropical Ave. Cor. Luxembourg St., BF Homes International, Las Pinas City

Tel. No. 8256374 / 252358 Loc. 117/146

Powered by Koha